000
00250nam a22001097a 4500
082
_a
0333 WAS
100
_a
ZAFAR AHMED
_9
17357
245
_a
HUM SAY AHID LIA GIA
260
_a
KARACHI
_b
ADARAY-E-TALEEFAT
_c
2002
650
_a
URDU
_9
23367
942
_c
BK
999
_c
573148
_d
573148